000 00612nam a2200193Ia 4500
008 151121s9999||||xx |||||||||||||| ||und||
082 _a814/मिराशी
082 _bHNW-11172
100 _aमिराशी वा। वि।
245 _aकालिदास
260 _b"सुविचार प्रकाशन मंडळ, नागपूर"
260 _c--
300 _a302
600 _aमिराशी वा। वि।
630 _aकालिदास
700 _aमिराशी वा। वि।
730 _aकालिदास
942 _cBOOK
999 _c1216129
_d1216126